[Event "Condigne Dutch Open 2018"]
[Site "Dieren"]
[Date "2018.07.28"]
[Round "5"]
[White "Van den Doel, Erik"]
[Black "Maatman, Nick"]
[Result "1/2-1/2"]
[WhiteElo "2593"]
[BlackElo "2345"]
[Annotator "ChessBase"]
[PlyCount "82"]
[EventDate "2018.07.24"]
[EventType "swiss"]
[EventCountry "NED"]
[SourceTitle "playchess.com"]
[Source "ChessBase"]
[SourceQuality "1"]
[TimeControl "40/5400+30:1800+30"]

1. d4 {[%emt 0:00:00]} Nf6 {[%emt 0:00:04]} 2. Nf3 {[%emt 0:00:00]} g6 {[%emt 0:00:30]} 3. Bg5 {[%emt 0:00:00]} Bg7 {[%emt 0:00:05]} 4. Nbd2 {[%emt 0:00:00]} O-O {[%emt 0:00:29]} 5. c3 {[%emt 0:00:07]} d5 {[%emt 0:01:35]} 6. e3 {[%emt 0:00:22]} b6 {[%emt 0:01:02]} 7. a4 {[%emt 0:06:49]} c5 {[%emt 0:09:43]} 8. a5 {[%emt 0:00:20]} Nc6 {[%emt 0:01:05]} 9. axb6 {[%emt 0:07:57]} Qxb6 {[%emt 0:00:30]} 10. Qb3 {[%emt 0:01:14]} Rb8 {[%emt 0:22:10]} 11. Qxb6 {[%emt 0:02:23]} Rxb6 {[%emt 0:01:21]} 12. Ra2 {[%emt 0:08:32]} cxd4 {[%emt 0:03:40]} 13. exd4 {[%emt 0:02:06]} Bf5 {[%emt 0:00:23]} 14. Be2 {[%emt 0:15:02]} Rfb8 {[%emt 0:12:46]} 15. b4 {[%emt 0:00:54]} a5 {[%emt 0:06:28]} 16. bxa5 {[%emt 0:15:31]} Rb2 {[%emt 0:00:07]} 17. Ra3 {[%emt 0:00:58]} e5 {[%emt 0:08:28]} 18. Nxe5 {[%emt 0:12:45]} Nxe5 {[%emt 0:00:04]} 19. dxe5 {[%emt 0:00:03]} Ne4 {[%emt 0:00:59]} 20. Nxe4 {[%emt 0:00:32]} Rb1+ {[%emt 0:08:04]} 21. Bd1 {[%emt 0:03:36]} Bxe4 {[%emt 0:00:26]} 22. f3 {[%emt 0:02:36]} Bd3 {[%emt 0:00:32]} 23. Kf2 {[%emt 0:07:24]} Bxe5 {[%emt 0:04:47]} 24. a6 {[%emt 0:01:34]} Bd6 {[%emt 0:06:58]} 25. Ra5 {[%emt 0:03:23]} R1b2+ {[%emt 0:04:34]} 26. Ke3 {[%emt 0:01:25]} Bc4 {[%emt 0:00:02]} 27. f4 {[%emt 0:02:14]} Bc7 {[%emt 0:00:55]} 28. Ra1 {[%emt 0:00:45]} Rxg2 {[%emt 0:02:39]} 29. a7 {[%emt 0:01:39]} Bb6+ {[%emt 0:00:43]} 30. Kf3 {[%emt 0:00:03]} Rf2+ {[%emt 0:00:03]} 31. Kg3 {[%emt 0:00:30]} Ra8 {[%emt 0:00:04]} 32. Re1 {[%emt 0:01:29]} Ra2 {[%emt 0:01:22]} 33. Rxa2 {[%emt 0:01:48]} Bxa2 {[%emt 0:00:02]} 34. Bh6 {[%emt 0:00:37]} Bxa7 {[%emt 0:00:25]} 35. Bf3 {[%emt 0:00:31]} Bc5 {[%emt 0:01:51]} 36. Rd1 {[%emt 0:01:23]} Rd8 {[%emt 0:00:32]} 37. Bg5 {[%emt 0:00:08]} Rd7 {[%emt 0:00:22]} 38. Bf6 {[%emt 0:00:41]} Be7 {[%emt 0:02:09]} 39. Bd4 {[%emt 0:01:08]} Bc4 {[%emt 0:00:50]} 40. Ra1 {[%emt 0:00:11]} f5 {[%emt 0:30:51]} 41. Ra8+ {[%emt 0:05:16]} Rd8 {[%emt 0:00:00]} 1/2-1/2

[Event "Condigne Dutch Open 2018"]
[Site "Dieren"]
[Date "2018.07.28"]
[Round "5"]
[White "Ivanisevic, Ivan"]
[Black "Ashwath, R.."]
[Result "1-0"]
[WhiteElo "2567"]
[BlackElo "2285"]
[Annotator "ChessBase"]
[PlyCount "67"]
[EventDate "2018.07.24"]
[EventType "swiss"]
[EventCountry "NED"]
[SourceTitle "playchess.com"]
[Source "ChessBase"]
[SourceQuality "1"]
[TimeControl "40/5400+30:1800+30"]

1. d4 {[%emt 0:00:00]} d5 {[%emt 0:00:38]} 2. c4 {[%emt 0:00:00]} e6 {[%emt 0:00:03]} 3. Nf3 {[%emt 0:00:10]} Nf6 {[%emt 0:00:05]} 4. Nc3 {[%emt 0:00:05]} Bb4 {[%emt 0:00:11]} 5. Qa4+ {[%emt 0:00:08]} Nc6 {[%emt 0:00:38]} 6. e3 {[%emt 0:00:06]} O-O {[%emt 0:01:50]} 7. a3 {[%emt 0:00:34]} Be7 {[%emt 0:06:44]} 8. Qc2 {[%emt 0:00:32]} a6 {[%emt 0:05:06]} 9. b3 {[%emt 0:02:19]} dxc4 {[%emt 0:08:51]} 10. bxc4 {[%emt 0:01:00]} Re8 {[%emt 0:05:17]} 11. Bb2 {[%emt 0:00:56]} b6 {[%emt 0:07:17]} 12. Rd1 {[%emt 0:01:08]} Bb7 {[%emt 0:05:51]} 13. d5 {[%emt 0:09:56]} exd5 {[%emt 0:00:51]} 14. Nxd5 {[%emt 0:00:06]} Nxd5 {[%emt 0:02:35]} 15. cxd5 {[%emt 0:00:05]} Na5 {[%emt 0:05:23]} 16. Bd3 {[%emt 0:00:10]} h6 {[%emt 0:03:38]} 17. Bh7+ {[%emt 0:01:32]} Kf8 {[%emt 0:03:03]} 18. O-O {[%emt 0:03:42]} Bf6 {[%emt 0:03:01]} 19. e4 {[%emt 0:01:49]} Qd6 {[%emt 0:09:55]} 20. Bxf6 {[%emt 0:17:49]} Qxf6 {[%emt 0:00:41]} 21. Rfe1 {[%emt 0:00:41]} Qe7 {[%emt 0:05:47]} 22. Re3 {[%emt 0:02:34]} Rad8 {[%emt 0:06:36]} 23. Nd4 {[%emt 0:02:51]} Bc8 {[%emt 0:04:06]} 24. Qc1 {[%emt 0:16:11]} g6 {[%emt 0:09:17]} 25. Nf5 {[%emt 0:23:38]} gxf5 {[%emt 0:03:10]} 26. Rg3 {[%emt 0:00:07]} Qd6 {[%emt 0:00:28]} 27. Rg8+ {[%emt 0:02:57]} Ke7 {[%emt 0:00:01]} 28. e5 {[%emt 0:00:05]} Qc5 {[%emt 0:00:58]} 29. d6+ {[%emt 0:01:02]} cxd6 {[%emt 0:02:22]} 30. exd6+ {[%emt 0:01:04]} Kd7 {[%emt 0:00:28]} 31. Bxf5+ {[%emt 0:01:17]} Re6 {[%emt 0:00:27]} 32. Bxe6+ {[%emt 0:00:14]} fxe6 {[%emt 0:00:30]} 33. Rg7+ {[%emt 0:00:05]} Kc6 {[%emt 0:00:38]} 34. Rc7+ {[%emt 0:00:06]} 1-0

[Event "Condigne Dutch Open 2018"]
[Site "Dieren"]
[Date "2018.07.28"]
[Round "5"]
[White "Lobanov, Sergei"]
[Black "Chanda, Sandipan"]
[Result "1/2-1/2"]
[WhiteElo "2521"]
[BlackElo "2548"]
[Annotator "ChessBase"]
[PlyCount "120"]
[EventDate "2018.07.24"]
[EventType "swiss"]
[EventCountry "NED"]
[SourceTitle "playchess.com"]
[Source "ChessBase"]
[SourceQuality "1"]
[TimeControl "40/5400+30:1800+30"]

1. e4 {[%emt 0:00:00]} c5 {[%emt 0:00:12]} 2. Nf3 {[%emt 0:00:00]} d6 {[%emt 0:00:10]} 3. d4 {[%emt 0:00:00]} cxd4 {[%emt 0:00:10]} 4. Nxd4 {[%emt 0:00:00]} Nf6 {[%emt 0:00:07]} 5. Nc3 {[%emt 0:00:00]} a6 {[%emt 0:00:05]} 6. f3 {[%emt 0:00:18]} e6 {[%emt 0:00:23]} 7. Be3 {[%emt 0:00:07]} b5 {[%emt 0:00:09]} 8. Qd2 {[%emt 0:00:07]} b4 {[%emt 0:00:10]} 9. Na4 {[%emt 0:00:33]} Nbd7 {[%emt 0:00:10]} 10. O-O-O {[%emt 0:00:28]} Qa5 {[%emt 0:00:11]} 11. b3 {[%emt 0:00:07]} Bb7 {[%emt 0:00:08]} 12. Kb1 {[%emt 0:00:07]} Nc5 {[%emt 0:00:26]} 13. a3 {[%emt 0:00:08]} Nxa4 {[%emt 0:00:11]} 14. axb4 {[%emt 0:00:07]} Qc7 {[%emt 0:00:06]} 15. bxa4 {[%emt 0:00:05]} d5 {[%emt 0:00:18]} 16. Bf4 {[%emt 0:00:18]} Bd6 {[%emt 0:00:09]} 17. Bb5+ {[%emt 0:02:21]} axb5 {[%emt 0:00:07]} 18. Nxb5 {[%emt 0:00:39]} Bxf4 {[%emt 0:00:07]} 19. Nxc7+ {[%emt 0:00:06]} Bxc7 {[%emt 0:00:06]} 20. exd5 {[%emt 0:03:09]} Bxd5 {[%emt 0:00:14]} 21. c4 {[%emt 0:10:13]} Rxa4 {[%emt 0:00:07]} 22. cxd5 {[%emt 0:00:07]} Nxd5 {[%emt 0:00:09]} 23. Rhe1 {[%emt 0:31:15]} Rxb4+ {[%emt 0:55:41]} 24. Kc2 {[%emt 0:01:22]} O-O {[%emt 0:03:05]} 25. Re4 {[%emt 0:14:11]} Rc8 {[%emt 0:03:51]} 26. Kd3 {[%emt 0:04:56]} Rb3+ {[%emt 0:00:17]} 27. Ke2 {[%emt 0:04:23]} Nc3+ {[%emt 0:00:36]} 28. Kf1 {[%emt 0:00:24]} Nxd1 {[%emt 0:01:31]} 29. Qxd1 {[%emt 0:00:29]} Rcb8 {[%emt 0:01:25]} 30. Rc4 {[%emt 0:00:19]} Rb1 {[%emt 0:00:24]} 31. Rc1 {[%emt 0:00:05]} Rxc1 {[%emt 0:00:06]} 32. Qxc1 {[%emt 0:00:04]} Bxh2 {[%emt 0:00:23]} 33. Kf2 {[%emt 0:02:33]} Be5 {[%emt 0:00:12]} 34. f4 {[%emt 0:01:48]} Bf6 {[%emt 0:00:42]} 35. g4 {[%emt 0:04:30]} h6 {[%emt 0:01:54]} 36. Qc7 {[%emt 0:01:34]} Rb2+ {[%emt 0:00:35]} 37. Kf3 {[%emt 0:00:06]} g5 {[%emt 0:00:12]} 38. fxg5 {[%emt 0:06:20]} hxg5 {[%emt 0:01:35]} 39. Qc8+ {[%emt 0:00:02]} Kg7 {[%emt 0:00:07]} 40. Qc4 {[%emt 0:00:02]} Rd2 {[%emt 0:30:18]} 41. Qe4 {[%emt 0:30:51]} Rd4 {[%emt 0:04:23]} 42. Qe2 {[%emt 0:00:07]} Rf4+ {[%emt 0:00:24]} 43. Kg2 {[%emt 0:05:04]} e5 {[%emt 0:09:39]} 44. Kg3 {[%emt 0:01:19]} e4 {[%emt 0:00:56]} 45. Kh3 {[%emt 0:02:28]} Be5 {[%emt 0:04:11]} 46. Qb5 {[%emt 0:01:16]} Rf3+ {[%emt 0:02:00]} 47. Kg2 {[%emt 0:00:13]} Rg3+ {[%emt 0:00:22]} 48. Kf2 {[%emt 0:04:35]} Bf4 {[%emt 0:00:09]} 49. Qb2+ {[%emt 0:00:00]} Kg8 {[%emt 0:00:00]} 50. Qb7 {[%emt 0:00:00]} e3+ {[%emt 0:00:00]} 51. Kf1 {[%emt 0:00:00]} Rh3 {[%emt 0:00:00]} 52. Qc8+ {[%emt 0:00:00]} Kh7 {[%emt 0:00:00]} 53. Qc2+ {[%emt 0:00:00]} Kh6 {[%emt 0:00:00]} 54. Qc6+ {[%emt 0:00:00]} Kh7 {[%emt 0:00:00]} 55. Qc2+ {[%emt 0:00:00]} Kg7 {[%emt 0:00:00]} 56. Qc3+ {[%emt 0:00:00]} f6 {[%emt 0:00:00]} 57. Qb4 {[%emt 0:01:20]} Rh1+ {[%emt 0:00:00]} 58. Ke2 {[%emt 0:02:39]} Rh2+ {[%emt 0:00:00]} 59. Kf3 {[%emt 0:00:29]} Rh3+ {[%emt 0:00:00]} 60. Ke2 {[%emt 0:02:15]} Rh2+ {[%emt 0:02:01]} 1/2-1/2

[Event "Condigne Dutch Open 2018"]
[Site "Dieren"]
[Date "2018.07.28"]
[Round "5"]
[White "Hausrath, Daniel"]
[Black "Shyaamnikhil P"]
[Result "1/2-1/2"]
[WhiteElo "2495"]
[BlackElo "2375"]
[Annotator "ChessBase"]
[PlyCount "51"]
[EventDate "2018.07.24"]
[EventType "swiss"]
[EventCountry "NED"]
[SourceTitle "playchess.com"]
[Source "ChessBase"]
[SourceQuality "1"]
[TimeControl "40/5400+30:1800+30"]

1. Nf3 {[%emt 0:00:00]} d5 {[%emt 0:00:47]} 2. g3 {[%emt 0:00:00]} g6 {[%emt 0:00:14]} 3. Bg2 {[%emt 0:00:00]} Bg7 {[%emt 0:00:07]} 4. d4 {[%emt 0:03:06]} Nh6 {[%emt 0:01:29]} 5. h4 {[%emt 0:02:57]} Nd7 {[%emt 0:13:35]} 6. c4 {[%emt 0:09:00]} dxc4 {[%emt 0:06:02]} 7. Na3 {[%emt 0:04:09]} Nb6 {[%emt 0:06:32]} 8. Nxc4 {[%emt 0:08:43]} Nf5 {[%emt 0:12:21]} 9. Na5 {[%emt 0:16:34]} Nxd4 {[%emt 0:12:28]} 10. Nxd4 {[%emt 0:01:10]} Qxd4 {[%emt 0:00:08]} 11. Qxd4 {[%emt 0:00:24]} Bxd4 {[%emt 0:00:07]} 12. Nxb7 {[%emt 0:00:48]} a5 {[%emt 0:15:37]} 13. Bd2 {[%emt 0:20:34]} a4 {[%emt 0:20:21]} 14. Rc1 {[%emt 0:03:21]} Ra7 {[%emt 0:01:09]} 15. Rxc7 {[%emt 0:03:35]} O-O {[%emt 0:02:08]} 16. O-O {[%emt 0:07:01]} Bxb7 {[%emt 0:01:48]} 17. Rxb7 {[%emt 0:01:06]} Rxb7 {[%emt 0:00:06]} 18. Bxb7 {[%emt 0:00:05]} Bxb2 {[%emt 0:00:20]} 19. Bb4 {[%emt 0:01:26]} Rb8 {[%emt 0:01:02]} 20. Bc6 {[%emt 0:03:56]} Nd5 {[%emt 0:00:54]} 21. Bd2 {[%emt 0:01:25]} Nc3 {[%emt 0:00:13]} 22. Bxc3 {[%emt 0:01:06]} Bxc3 {[%emt 0:00:05]} 23. Bxa4 {[%emt 0:00:05]} Rb2 {[%emt 0:00:03]} 24. Rc1 {[%emt 0:00:08]} Rxa2 {[%emt 0:00:09]} 25. Rxc3 {[%emt 0:00:16]} Rxa4 {[%emt 0:00:04]} 26. Kg2 {[%emt 0:00:08]} 1/2-1/2

[Event "Condigne Dutch Open 2018"]
[Site "Dieren"]
[Date "2018.07.28"]
[Round "5"]
[White "Van Foreest, Lucas"]
[Black "Vrolijk, Liam"]
[Result "1-0"]
[WhiteElo "2488"]
[BlackElo "2419"]
[Annotator "ChessBase"]
[PlyCount "41"]
[EventDate "2018.07.24"]
[EventType "swiss"]
[EventCountry "NED"]
[SourceTitle "playchess.com"]
[Source "ChessBase"]
[SourceQuality "1"]
[TimeControl "40/5400+30:1800+30"]

1. e4 {[%emt 0:00:00]} e6 {[%emt 0:00:06]} 2. d4 {[%emt 0:00:00]} d5 {[%emt 0:00:04]} 3. Nc3 {[%emt 0:00:00]} Nf6 {[%emt 0:01:10]} 4. e5 {[%emt 0:00:00]} Nfd7 {[%emt 0:00:06]} 5. f4 {[%emt 0:00:00]} c5 {[%emt 0:00:39]} 6. Nf3 {[%emt 0:00:00]} Nc6 {[%emt 0:00:31]} 7. Be3 {[%emt 0:00:01]} Be7 {[%emt 0:01:28]} 8. Qd2 {[%emt 0:00:03]} a6 {[%emt 0:00:07]} 9. Bd3 {[%emt 0:00:04]} b5 {[%emt 0:07:56]} 10. O-O {[%emt 0:00:22]} O-O {[%emt 0:01:53]} 11. Nd1 {[%emt 0:00:33]} cxd4 {[%emt 0:03:22]} 12. Nxd4 {[%emt 0:00:09]} Bb7 {[%emt 0:06:12]} 13. Nf2 {[%emt 0:10:57]} Nc5 {[%emt 0:04:33]} 14. Qe2 {[%emt 0:02:39]} Qc7 {[%emt 0:06:34]} 15. c3 {[%emt 0:16:15]} Rac8 {[%emt 0:08:57]} 16. Rac1 {[%emt 0:05:14]} Qb8 {[%emt 0:10:28]} 17. Bxh7+ {[%emt 0:03:19]} Kxh7 {[%emt 0:02:52]} 18. Qh5+ {[%emt 0:00:19]} Kg8 {[%emt 0:00:05]} 19. Ng4 {[%emt 0:00:02]} Nxd4 {[%emt 0:28:09]} 20. Bxd4 {[%emt 0:00:05]} Ne4 {[%emt 0:02:51]} 21. Rf3 {[%emt 0:00:05]} 1-0

[Event "Condigne Dutch Open 2018"]
[Site "Dieren"]
[Date "2018.07.28"]
[Round "5"]
[White "Leenhouts, Koen"]
[Black "Schoppen, Casper"]
[Result "1/2-1/2"]
[WhiteElo "2483"]
[BlackElo "2395"]
[Annotator "ChessBase"]
[PlyCount "145"]
[EventDate "2018.07.24"]
[EventType "swiss"]
[EventCountry "NED"]
[SourceTitle "playchess.com"]
[Source "ChessBase"]
[SourceQuality "1"]
[TimeControl "40/5400+30:1800+30"]

1. d4 {[%emt 0:00:00]} e6 {[%emt 0:00:06]} 2. c4 {[%emt 0:00:00]} f5 {[%emt 0:00:23]} 3. Nf3 {[%emt 0:00:04]} Nf6 {[%emt 0:00:10]} 4. g3 {[%emt 0:01:13]} d5 {[%emt 0:00:30]} 5. Bg2 {[%emt 0:00:18]} c6 {[%emt 0:00:11]} 6. O-O {[%emt 0:00:11]} Bd6 {[%emt 0:00:07]} 7. Nc3 {[%emt 0:06:03]} O-O {[%emt 0:00:31]} 8. Rb1 {[%emt 0:00:18]} Ne4 {[%emt 0:06:46]} 9. Qc2 {[%emt 0:02:05]} Qe7 {[%emt 0:12:53]} 10. Bf4 {[%emt 0:06:12]} Nd7 {[%emt 0:07:35]} 11. Bxd6 {[%emt 0:06:23]} Nxd6 {[%emt 0:00:53]} 12. Nd2 {[%emt 0:00:21]} h5 {[%emt 0:20:51]} 13. b4 {[%emt 0:05:03]} h4 {[%emt 0:04:20]} 14. b5 {[%emt 0:00:54]} hxg3 {[%emt 0:01:36]} 15. bxc6 {[%emt 0:09:14]} gxf2+ {[%emt 0:05:21]} 16. Rxf2 {[%emt 0:00:57]} Nf6 {[%emt 0:09:40]} 17. cxd5 {[%emt 0:00:29]} Ng4 {[%emt 0:02:13]} 18. Rf3 {[%emt 0:00:49]} Qh4 {[%emt 0:13:54]} 19. Nf1 {[%emt 0:04:21]} Nf6 {[%emt 0:01:30]} 20. Qd2 {[%emt 0:02:09]} bxc6 {[%emt 0:04:21]} 21. dxc6 {[%emt 0:03:15]} Ba6 {[%emt 0:00:15]} 22. Qf4 {[%emt 0:05:20]} Qxf4 {[%emt 0:00:23]} 23. Rxf4 {[%emt 0:00:02]} g5 {[%emt 0:01:24]} 24. Rf3 {[%emt 0:00:56]} Rac8 {[%emt 0:00:36]} 25. Re3 {[%emt 0:01:25]} Rfe8 {[%emt 0:00:37]} 26. Re5 {[%emt 0:02:28]} Rc7 {[%emt 0:02:13]} 27. a4 {[%emt 0:02:56]} Kf7 {[%emt 0:00:31]} 28. Ra5 {[%emt 0:01:25]} Bc4 {[%emt 0:02:04]} 29. Ne3 {[%emt 0:00:46]} Bd5 {[%emt 0:01:30]} 30. Nexd5 {[%emt 0:08:03]} exd5 {[%emt 0:00:08]} 31. Nxd5 {[%emt 0:00:09]} Nxd5 {[%emt 0:00:16]} 32. Bxd5+ {[%emt 0:02:26]} Kf6 {[%emt 0:00:08]} 33. Rb2 {[%emt 0:00:21]} g4 {[%emt 0:00:24]} 34. Rc5 {[%emt 0:00:28]} Ree7 {[%emt 0:01:17]} 35. a5 {[%emt 0:00:40]} a6 {[%emt 0:00:26]} 36. Bg2 {[%emt 0:07:28]} Nb5 {[%emt 0:00:49]} 37. Rd2 {[%emt 0:02:20]} Nd6 {[%emt 0:00:23]} 38. Kf2 {[%emt 0:00:22]} Rh7 {[%emt 0:00:40]} 39. Kg3 {[%emt 0:02:33]} Rce7 {[%emt 0:00:25]} 40. e4 {[%emt 0:04:04]} fxe4 {[%emt 0:31:24]} 41. Rf2+ {[%emt 0:30:31]} Kg6 {[%emt 0:00:00]} 42. Rd5 {[%emt 0:00:00]} Ne8 {[%emt 0:00:00]} 43. Rf4 {[%emt 0:00:00]} e3 {[%emt 0:00:00]} 44. Rxg4+ {[%emt 0:00:00]} Kf7 {[%emt 0:00:00]} 45. Rf5+ {[%emt 0:00:00]} Ke6 {[%emt 0:00:00]} 46. Re5+ {[%emt 0:00:00]} Kd6 {[%emt 0:00:00]} 47. Kf3 {[%emt 0:00:00]} Nf6 {[%emt 0:00:00]} 48. Rgg5 {[%emt 0:00:00]} Rxh2 {[%emt 0:01:30]} 49. Rxe7 {[%emt 0:00:00]} Kxe7 {[%emt 0:00:10]} 50. Kxe3 {[%emt 0:00:00]} Ne8 {[%emt 0:00:40]} 51. Re5+ {[%emt 0:00:00]} Kd6 {[%emt 0:00:57]} 52. Bf3 {[%emt 0:00:00]} Nc7 {[%emt 0:00:13]} 53. Rg5 {[%emt 0:00:00]} Rh6 {[%emt 0:00:53]} 54. Rg7 {[%emt 0:00:17]} Re6+ {[%emt 0:01:36]} 55. Kd3 {[%emt 0:00:15]} Re7 {[%emt 0:00:19]} 56. Rg1 {[%emt 0:01:12]} Re8 {[%emt 0:00:15]} 57. Kc4 {[%emt 0:00:46]} Re3 {[%emt 0:00:20]} 58. Rg6+ {[%emt 0:00:29]} Ke7 {[%emt 0:01:44]} 59. Rg7+ {[%emt 0:01:42]} Kd8 {[%emt 0:00:08]} 60. Rd7+ {[%emt 0:01:18]} Kc8 {[%emt 0:00:05]} 61. Bg4 {[%emt 0:00:29]} Kb8 {[%emt 0:00:22]} 62. Bf5 {[%emt 0:02:08]} Ra3 {[%emt 0:01:25]} 63. Kb4 {[%emt 0:02:35]} Rf3 {[%emt 0:00:14]} 64. Be4 {[%emt 0:00:15]} Re3 {[%emt 0:01:04]} 65. Bf5 {[%emt 0:02:15]} Rf3 {[%emt 0:00:06]} 66. Rf7 {[%emt 0:00:32]} Rg3 {[%emt 0:00:52]} 67. Kc5 {[%emt 0:01:23]} Rc3+ {[%emt 0:00:04]} 68. Kd6 {[%emt 0:00:42]} Nb5+ {[%emt 0:00:03]} 69. Kd7 {[%emt 0:00:54]} Nxd4 {[%emt 0:00:48]} 70. Rf8+ {[%emt 0:00:56]} Ka7 {[%emt 0:00:01]} 71. c7 {[%emt 0:00:30]} Rxc7+ {[%emt 0:00:05]} 72. Kxc7 {[%emt 0:00:13]} Ne6+ {[%emt 0:00:05]} 73. Bxe6 {[%emt 0:00:46]} 1/2-1/2

[Event "Condigne Dutch Open 2018"]
[Site "Dieren"]
[Date "2018.07.28"]
[Round "5"]
[White "Beerdsen, Thomas"]
[Black "L'Ami, Erwin"]
[Result "1/2-1/2"]
[WhiteElo "2469"]
[BlackElo "2636"]
[Annotator "TA"]
[PlyCount "59"]
[EventDate "2018.07.24"]
[EventType "swiss"]
[EventCountry "NED"]
[SourceTitle "playchess.com"]
[Source "ChessBase"]
[SourceQuality "1"]

{[%evp 11,59,8,7,-64,34,0,87,81,74,85,76,81,130,108,105,104,113,53,52,47,27,32,59,49,80,89,85,85,85,85,88,94,95,94,102,114,100,90,118,70,68,80,95,93,112,87,85,0,122,0]} 1. e4 c5 2. Nf3 d6 3. c3 Nf6 4. h3 Nc6 5. Bd3 e5 6. O-O g5 {LiveBook: 10 Games. B50: Sicilian: 2...d6, Miscellaneous} (6... Be7 7. Bc2 O-O 8. d4 cxd4 9. cxd4 Nb4 10. Nc3 Nxc2 11. Qxc2 Qc7 12. Be3 d5 13. dxe5 Nxe4 14. Rac1 Nxc3 15. Qxc3 Qxc3 16. Rxc3 {½-½ (63) Yudin,S (2546)-Naiditsch,A (2705) Dubai 2014}) 7. Bc4 (7. Nxg5 Rg8 $17) (7. Bb5 $11) 7... Nxe4 $146 (7... g4 $1 $15 8. hxg4 Bxg4) ({Predecessor:} 7... g4 8. Ng5 gxh3 9. g3 Qe7 10. Bxf7+ Kd8 11. Bc4 Kc7 12. d4 exd4 13. cxd4 h6 14. Nf3 cxd4 {0-1 (31) Kalegin,E (2447)-Papp,P (2307) Budapest 2013}) 8. Re1 d5 {[#]} (8... g4 $1 $11 {remains equal.} 9. hxg4 (9. Rxe4 $2 gxf3 10. Re3 fxg2 $17) 9... h5) 9. Bb5 $1 $16 {And now d3 would win.} c4 10. d3 cxd3 {aiming for ...Qb6.} 11. Nxe5 Qc7 12. Nxd3 {Threatens to win with c4.} Be6 13. Bxc6+ bxc6 14. f3 (14. Nd2 $16) 14... Nc5 $14 15. Be3 Nxd3 16. Qxd3 h5 17. Nd2 $36 {[%mdl 2048] White fights for an advantage.} Be7 18. Nb3 g4 19. Nd4 gxh3 {...Qg3 is the strong threat.} 20. Nxe6 fxe6 21. Qg6+ Kd7 22. Bd4 Qd6 23. Bxh8 Rxh8 24. Re2 {Strongly threatening Rae1.} Rf8 25. Qxh5 hxg2 26. Qh3 ({Don't play} 26. Kxg2 $6 Rg8+ 27. Kh1 Qg3 $11) 26... Rf6 {[#] Threatening ...Qf4.} 27. Rae1 $1 ({Much weaker is} 27. Rxg2 $6 Qf4 $11) 27... Bf8 28. Qh7+ (28. Rxg2 $6 Qc5+ 29. Kf1 Qb5+ 30. Rge2 Qd3 $11) 28... Be7 {White should prevent ...Qg3.} 29. Qh3 (29. Kxg2 $6 Qf4 $11) 29... Bf8 $1 30. Qh7+ {Precision: White = 66%, Black = 70%.} ({Reject} 30. Rxg2 $6 Qc5+ 31. Kf1 Qb5+ 32. Ree2 Qd3 $11) (30. Qg4 $16) 1/2-1/2

[Event "Condigne Dutch Open 2018"]
[Site "Dieren"]
[Date "2018.07.28"]
[Round "5"]
[White "Lai, Hing Ting"]
[Black "De Jong, Tom"]
[Result "1-0"]
[WhiteElo "2447"]
[BlackElo "2201"]
[Annotator "NA RC"]
[PlyCount "55"]
[EventDate "2018.07.24"]
[EventType "swiss"]
[EventCountry "NED"]
[SourceTitle "playchess.com"]
[Source "ChessBase"]
[SourceQuality "1"]
[TimeControl "40/5400+30:1800+30"]

1. Nf3 {[%emt 0:00:00]} Nf6 {[%emt 0:00:07]} 2. g3 {[%emt 0:00:00]} g6 {[%emt 0:00:06]} 3. Bg2 {[%emt 0:00:00]} Bg7 {[%emt 0:00:07]} 4. O-O {[%emt 0:00:00]} O-O {[%emt 0:00:10]} 5. d4 {[%emt 0:00:02]} d6 {[%emt 0:00:13]} 6. c4 {[%emt 0:00:09]} Nc6 {[%emt 0:00:12]} 7. Nc3 {[%emt 0:00:06]} a6 {[%emt 0:00:05]} 8. e3 {[%emt 0:00:09]} e5 {[%emt 0:05:41]} 9. d5 {[%emt 0:00:54]} Ne7 {[%emt 0:00:19]} 10. e4 {[%emt 0:00:22]} Ne8 {[%emt 0:05:11]} 11. Ne1 {[%emt 0:00:23]} f5 {[%emt 0:00:19]} 12. Nd3 {[%emt 1:33:55]} Nf6 {[%emt 0:11:00]} 13. Bd2 {[%emt 0:00:00]} fxe4 {[%emt 0:02:33]} 14. Nxe4 {[%emt 0:00:00]} Nxe4 {[%emt 0:00:48]} 15. Bxe4 {[%emt 0:00:00]} Bh3 {[%emt 0:00:40]} 16. Re1 {[%emt 0:00:00]} Nf5 {[%emt 0:06:07]} 17. Bc3 {[%emt 0:00:00]} Rf7 {[%emt 0:04:30]} 18. f4 {[%emt 0:00:00]} Qf8 {[%emt 0:14:21]} 19. Nf2 {[%emt 0:00:00]} exf4 {[%emt 0:02:08]} 20. gxf4 {[%emt 0:00:00]} Bxc3 {[%emt 0:00:43]} 21. bxc3 {[%emt 0:00:00]} Qh6 {[%emt 0:08:22]} 22. Qd3 {[%emt 0:00:00]} Qxf4 {[%emt 0:02:35]} 23. Nxh3 {[%emt 0:00:00]} Qg4+ {[%emt 0:00:16]} 24. Kh1 {[%emt 0:00:00]} Raf8 {[%emt 0:02:53]} 25. Rg1 {[%emt 0:00:00]} Qh4 {[%emt 0:01:25]} 26. Ng5 {[%emt 0:00:00]} Re7 {[%emt 0:00:20]} 27. Ne6 {[%emt 0:00:00]} Rf6 {[%emt 0:00:36]} 28. Bxf5 {[%emt 0:00:00]} 1-0